000 00415nam a2200169Ia 4500
008 121217t1963 xxu||||| |||| 00| 0 sin d
041 _asin
080 _a8S-31
_bGUN
100 _aGunadasa, W.K.
245 _aමාරක මුහුණ
246 _aMaraka Muhuna
260 _bGunasena
_aColombo
_c1963
300 _a139p., 18 cm
942 _cBK
999 _c69589
_d69589
003 LK-CoDNM
040 _aLK-CoDNM
_dLK-CoDNM
_eLK-CoDNM